Posledná úprava bola pred piatimi rokmi

Bibliographic Details
Format: Article
Language:Slovak
Subjects:

MARC

LEADER 00000nab a2200000 ar4500
001 vtls009278365
003 SK-MaSNL
005 20260303052503.0
008 080325c2008 xo cr|p|||||||000 b|slo
038 |a PPPK 
040 |a PPPKCL  |b slo  |c PPPK  |e AACR2 
041 0 |a slo 
044 |a xo  |c SK 
080 |a 35.073.6:628.4  |x (437.671)  |2 2001 
245 0 0 |a Posledná úprava bola pred piatimi rokmi  |c [autor] (ppm) 
610 1 7 |a Poprad (Slovensko).  |b Mestský úrad  |2 pppkcl  |9 162643 
650 0 7 |a komunálny odpad  |2 pppkcl  |9 3934 
650 0 7 |a miestne poplatky  |2 pppkcl  |9 29171 
650 0 7 |a všeobecne záväzné nariadenia  |2 pppkcl  |9 407149 
651 7 |a Poprad (Slovensko)  |2 pppkcl  |9 20155 
773 0 |t Poprad : noviny občanov mesta  |g Roč. XIX, č. 6 (2008), s. 2 
852 |a PPPK  |b KIS3GCP 
999 |c 1715513  |d 1717443